00703cam a22002294a 45000010009000000050017000090080041000260100017000670200015000840400018000990410008001170420008001250800011001331000007001441010008001512450064001595040066002239060045002899420012003349990017003469520110003631409773220180207074126.0050818s2006 cauag 001 0 eng  a 2005544521 a0534619622 aDLCcDLCdDLC aeng apcc a78 WRI1 a45 aMUZ10aMusic in western civilization /cCraig Wright, Bryan Simms. aIncludes bibliographical references (p. [789]-790) and index. a7bcbccorignewd2encipf20gy-gencatlg 2ddccBK c42020d42020 00102udc40708PËKGa002b002cPËKGd2018-02-07l0o78 WRIp002-2999057r2018-02-07w2018-02-07yBK